| 000 | 00000nam 2200000za 4500 |
| 001 | 9.677186 |
| 003 | CaOODSP |
| 005 | 20221107134414 |
| 007 | cr ||||||||||| |
| 008 | 150407s2015||||onc|||||o f|0| 0 fre d |
| 020 | |a978-0-660-22389-6 |
| 040 | |aCaOODSP|bfre |
| 043 | |an-cn--- |
| 086 | 1 |aHP40-112/2014F-PDF |
| 245 | 00|aNe laissez pas un petit insecte vous créer de gros ennuis |h[ressource électronique] : |bprotégez votre famille, vos animaux et vous contre la maladie de Lyme. |
| 260 | |a[Ottawa] : |bAgence de la santé publique du Canada, |cc2015. |
| 300 | |a[2] p. |
| 500 | |aPublié aussi en anglais sous le titre : Don't let a small pest turn into a big problem : protect yourself, your family and your pets from Lyme disease. |
| 530 | |aÉgalement publié en version imprimée. |
| 692 | 07|2gccst|aArachnide |
| 692 | 07|2gccst|aMédecine préventive |
| 710 | 2 |aAgence de santé publique du Canada. |
| 775 | 08|tDon't let a small pest turn into a big problem |w(CaOODSP)9.629594 |
| 776 | 0#|tLa maladie de Lyme |w(CaOODSP)9.678239 |
| 856 | 40|qPDF|s1.42 Mo|uhttps://publications.gc.ca/collections/collection_2015/aspc-phac/HP40-112-2014-fra.pdf |
| 986 | |aPub. : 140109 |